000 00939nam a2200253Ia 4500
003 OSt
005 20220923211146.0
006 a|||||r|||| 00| 0
007 ta
008 220922b |||||||| |||| 00| 0 pan d
020 _a8187256661 (hbk)
_c250
024 _a353,633
037 _b1174, 06/01/2020, H.K. Prakashan
_cTextual
040 _aARTS
_cARTS
_bpan
041 _2pan
_apan
082 _aQ8441v44Q7, 153Q9
100 _aਸਿੱਧੂ, ਮਨਜੀਤ ਸਿੰਘ, ਂਚ.
_9158901
245 0 _aਪਾਕਿਸਤਾਨੀ ਵਿਚ ਸਿੱਖ ਸੰਸਖਾਵਾਂ
260 _aਅੰਮ੍ਰਿਤਸਰ
_b ਸਾਤਵਿਕ ਬੁੱਕਸ
_c2019
300 _a160ਪ੍ਰ0
_ccm.
650 _aਸਿੱਖ ਧਰਮ
_9156314
942 _hQ8441v44Q7, 153Q9
_cTEXL
_2CC
999 _c296113
_d296113